| 000 | 00458nam a22001697a 4500 | ||
|---|---|---|---|
| 005 | 20250619115920.0 | ||
| 007 | 080 | ||
| 008 | 250619b |||||||| |||| 00| 0 eng d | ||
| 050 |
_aBR515 _b.A53 AME |
||
| 245 |
_aAMERICAN CHRISTIANITY; _bA CASE APPROACH |
||
| 260 |
_aMICHIGAN _bWILLIAM B. EERDMANS PUBLISHING COMPANY _cc1986 |
||
| 300 | _axv, 188p | ||
| 700 | _aRONALD C. WHITE | ||
| 700 | _aLOUIS B. WEEKS | ||
| 700 | _aGARTH M. ROSELL | ||
| 942 |
_2lcc _cBK _n0 |
||
| 999 |
_c6587 _d6587 |
||